[Event "II open"]
[Site "Solsones"]
[Date "2004.08.18"]
[Round "7"]
[White "Kurnosov, Igor"]
[Black "De la Paz, Frank"]
[Result "1-0"]
[WhiteElo "2535"]
[BlackElo "2458"]
[PlyCount "83"]
[EventDate "2004.08.13"]
[Source "Roberto Alvarez"]
[SourceDate "2004.08.30"]

1. e4 e5 2. Nf3 Nc6 3. Bc4 Nf6 4. Ng5 d5 5. exd5 Na5 6. Bb5+ Bd7 7. Qe2 Bd6 8. Bxd7+ Qxd7 9. Nc3 c6 10. b4 Bxb4 11. Qxe5+ Kf8 12. O-O cxd5 13. Rb1 Re8 14. Qf4 Bd6 15. Qh4 h6 16. d3 Ng4 17. Nf3 Ne5 18. Nxe5 Rxe5 19. Nb5 Be7 20. Qg3 Re2 21. Nd4 Bd6 22. Ba3 Bxa3 23. Nxe2 Nc6 24. c4 d4 25. Qf3 b6 26. Qd5 Ke7 27. Rfe1 Kd8 28. Nf4 Qxd5 29. Nxd5 Bc5 30. Re4 h5 31. Rbe1 Kd7 32. Rh4 Bd6 33. f4 Rh6 34. Kf2 Ne7 35. Nxe7 Bxe7 36. Rh3 h4 37. Re4 Bf6 38. g4 hxg3+ 39. Kxg3 Rg6+ 40. Kf2 Kc6 41. Rh5 a6 42. f5 1-0

[Event "Sochi"]
[Site "Sochi"]
[Date "1980.??.??"]
[Round "11"]
[White "Van der Wiel, John TH"]
[Black "Torre, Eugenio"]
[Result "0-1"]
[WhiteElo "2465"]
[BlackElo "2520"]
[PlyCount "80"]
[EventDate "1980.09.??"]
[Source "ChessBase"]

1. e4 e5 2. Nf3 Nc6 3. Bc4 Nf6 4. Ng5 d5 5. exd5 Na5 6. Bb5+ c6 7. dxc6 bxc6 8. Qf3 Rb8 9. Bd3 h6 10. Ne4 Nd5 11. b3 g6 12. Qg3 Bg7 13. Ba3 Nb4 14. Ke2 O-O 15. c3 Bg4+ 16. Kf1 Qxd3+ 17. Qxd3 Nxd3 18. Bxf8 Rxf8 19. f3 Bc8 20. Nf2 Nxf2 21. Kxf2 Nb7 22. b4 Bf5 23. a4 Rd8 24. Ra2 Bd3 25. Na3 f5 26. Rb2 e4 27. b5 Na5 28. bxc6 Nxc6 29. f4 Na5 30. Nb5 Nc4 31. Ra2 a6 32. Nc7 a5 33. Ne6 Rb8 34. Nxg7 Kxg7 35. h3 g5 36. g3 Bb1 37. Ra1 e3+ 38. dxe3 Rb2+ 39. Kg1 Nd2 40. Rxb1 Nxb1 0-1

[Event "Open 'Mediterraneo 2017'"]
[Site "Fiume CRO"]
[Date "2008.12.01"]
[Round "4.5"]
[White "Brkic, Ante"]
[Black "Tania, Sachdev"]
[Result "0-1"]
[WhiteElo "2558"]
[BlackElo "2425"]
[PlyCount "103"]
[EventDate "2008.11.29"]
[Source "www.chesslib.no"]
[SourceDate "2004.05.04"]

1. e4 e5 2. Nf3 Nc6 3. Bc4 Nf6 4. Ng5 d5 5. exd5 Na5 6. Bb5+ c6 7. dxc6 bxc6 8. Qf3 Be7 9. Bd3 h6 10. Ne4 Nd5 11. Ng3 O-O 12. Bf5 Bb7 13. d3 Nf4 14. O-O g6 15. Bxf4 exf4 16. Qxf4 Bg5 17. Qg4 gxf5 18. Nxf5 Bc8 19. Nc3 Qf6 20. f4 Bxf5 21. fxg5 Bxg4 22. gxf6 Rab8 23. b3 Nb7 24. Rf4 Be6 25. Re1 Nd6 26. Re5 Kh7 27. Rc5 Rbc8 28. Ne2 Rg8 29. Ra5 Rc7 30. Nd4 Rg5 31. Ra6 Bc8 32. Ra4 c5 33. Nf3 Rf5 34. Rxf5 Nxf5 35. Ne5 Nd4 36. c4 a6 37. Ra5 Bb7 38. Kf2 h5 39. h4 Nf5 40. g3 Nd6 41. a3 Ne8 42. b4 cxb4 43. axb4 Nxf6 44. Ke3 Bc8 45. d4 Ng4+ 46. Nxg4 hxg4 47. Kd3 f5 48. d5 f4 49. gxf4 g3 50. Ra1 g2 51. c5 Rg7 52. Rg1 0-1

[Event "Hastings weekender"]
[Site "Hastings"]
[Date "1999.01.09"]
[Round "6"]
[White "Marusenko, Petr"]
[Black "Hebden, Mark"]
[Result "0-1"]
[WhiteElo "2380"]
[BlackElo "2590"]
[PlyCount "102"]
[EventDate "1999.01.??"]
[Source "www.chesslib.no"]
[SourceDate "2004.05.04"]

1. e4 e5 2. Nf3 Nc6 3. Bc4 Nf6 4. Ng5 d5 5. exd5 Na5 6. Bb5+ Bd7 7. Qe2 Bd6 8. Nc3 O-O 9. Bxd7 Qxd7 10. d3 c6 11. Nge4 Nxd5 12. Nxd6 Nxc3 13. bxc3 Qxd6 14. O-O Rae8 15. Bd2 c5 16. f4 Nc6 17. f5 f6 18. Qe4 Rd8 19. Rf3 Qd5 20. Qh4 e4 21. Rh3 Qxf5 22. Rf1 g5 23. Rxf5 gxh4 24. Bh6 exd3 25. cxd3 Rfe8 26. Rxh4 Kf7 27. Rg4 b6 28. Rg7+ Ke6 29. Rf3 Ne5 30. Rfg3 Rxd3 31. Rxd3 Nxd3 32. Rxa7 Kf5 33. g3 Kg6 34. Bf4 Re1+ 35. Kg2 Nxf4+ 36. gxf4 Re2+ 37. Kf3 Rxh2 38. Ke4 Re2+ 39. Kd5 h5 40. a4 h4 41. a5 bxa5 42. Rxa5 h3 43. Ra8 Kf5 44. Rh8 Kg4 45. Kxc5 h2 46. Rh6 f5 47. Kd4 Kxf4 48. Kd3 Ra2 49. c4 Kg3 50. c5 Kg2 51. Rg6+ Kf1 0-1

[Event "Hastings Challengers"]
[Site "Hastings"]
[Date "1999.01.03"]
[Round "6"]
[White "Marusenko, Petr"]
[Black "Hebden, Mark"]
[Result "1-0"]
[WhiteElo "2380"]
[BlackElo "2590"]
[PlyCount "59"]
[EventDate "1998.12.??"]
[Source "www.chesslib.no"]
[SourceDate "2004.05.04"]

1. e4 e5 2. Nf3 Nc6 3. Bc4 Nf6 4. Ng5 d5 5. exd5 Na5 6. Bb5+ c6 7. dxc6 bxc6 8. Bd3 Bc5 9. O-O O-O 10. Nc3 Bb6 11. b4 Nb7 12. Qf3 h6 13. Nge4 Nd5 14. b5 Nxc3 15. dxc3 f5 16. Ba3 Na5 17. Bxf8 fxe4 18. Bxe4 Qxf8 19. Bh7+ Kxh7 20. Qxf8 cxb5 21. Qe8 Bb7 22. Qxe5 Bc6 23. Rae1 Rf8 24. Qd6 Rd8 25. Qf4 Nc4 26. Rd1 Ra8 27. Rfe1 Kg8 28. Re6 Rc8 29. Rxh6 Bd5 30. Qh4 1-0

[Event "Torneo GM - A2"]
[Site "Marianske Lazne CEC"]
[Date "2007.01.21"]
[Round "3"]
[White "Sveshnikov, Evgeny"]
[Black "Simacek, Pavel"]
[Result "1-0"]
[WhiteElo "2506"]
[BlackElo "2463"]
[PlyCount "89"]
[EventDate "2007.01.19"]
[Source "www.chesslib.no"]
[SourceDate "2004.05.04"]

1. e4 e5 2. Nf3 Nc6 3. Bc4 Nf6 4. Ng5 d5 5. exd5 Na5 6. Bb5+ c6 7. dxc6 bxc6 8. Qf3 Qb6 9. Bd3 h6 10. Ne4 Nd5 11. Ng3 g6 12. Nc3 Nf4 13. O-O Bg7 14. b4 Qxb4 15. Rb1 Qe7 16. Re1 Nxd3 17. cxd3 O-O 18. d4 Be6 19. dxe5 Rfd8 20. d3 Rd4 21. Nge4 Rad8 22. Nd6 Qh4 23. Qe3 R4xd6 24. exd6 Bxc3 25. Bd2 Bd4 26. Qf3 Bd5 27. Qe2 Rxd6 28. Bxa5 Rf6 29. Rf1 Qg5 30. g3 Rf3 31. Bc7 Qh5 32. Rb8+ Kg7 33. Qe8 g5 34. Qh8+ Kg6 35. Qxd4 Qh3 36. Qe5 Rxd3 37. f3 Bxf3 38. Rb2 Qd7 39. Ba5 f6 40. Qc5 g4 41. Bc3 Rd1 42. Rbf2 Qd3 43. Bb2 h5 44. Qc3 Qd6 45. Rxd1 1-0

[Event "25th Festival Open A"]
[Site "Bled SLO"]
[Date "2008.02.24"]
[Round "3"]
[White "Sveshnikov, E."]
[Black "Okhotnik, V."]
[Result "1/2-1/2"]
[WhiteElo "2506"]
[BlackElo "2460"]
[PlyCount "64"]
[EventDate "2008.02.23"]
[Source "www.chesslib.no"]
[SourceDate "2004.05.04"]

1. e4 e5 2. Nf3 Nc6 3. Bc4 Nf6 4. Ng5 d5 5. exd5 Na5 6. Bb5+ Bd7 7. Qe2 Be7 8. Nc3 Bxb5 9. Qxb5+ c6 10. dxc6 Nxc6 11. O-O O-O 12. Qe2 Nd4 13. Qd1 Nd5 14. Nxd5 Qxd5 15. d3 f5 16. Nf3 Nxf3+ 17. Qxf3 Qxf3 18. gxf3 Rac8 19. c3 Rfd8 20. Be3 b6 21. Rad1 g5 22. Rfe1 Kf7 23. Bc1 Bf6 24. Kf1 Rc6 25. Ke2 b5 26. Rg1 Rg8 27. h4 h6 28. hxg5 hxg5 29. Rh1 Kg6 30. Rh3 f4 31. Rdh1 Bg7 32. Rd1 Rh8 1/2-1/2

[Event "Dato Arthur Tan Malaysian Op"]
[Site "Kuala Lumpur MAS"]
[Date "2007.08.25"]
[Round "10"]
[White "Li Chao"]
[Black "Zhang Zhong"]
[Result "1-0"]
[WhiteElo "2320"]
[BlackElo "2634"]
[PlyCount "65"]
[EventDate "2007.08.20"]
[Source "www.chesslib.no"]
[SourceDate "2004.05.04"]

1. e4 e5 2. Nf3 Nc6 3. Bc4 Nf6 4. Ng5 d5 5. exd5 Na5 6. Bb5+ c6 7. dxc6 bxc6 8. Qf3 h6 9. Ne4 Nd5 10. Ba4 Be7 11. O-O O-O 12. d3 Qc7 13. Bd2 Be6 14. c4 f5 15. Ng3 Nf4 16. b4 Nb7 17. Bxf4 exf4 18. Ne2 Nd8 19. a3 g5 20. Nd2 Rc8 21. d4 Bf7 22. Qd3 Bh5 23. Nc3 Bf6 24. Rae1 a5 25. b5 Qd7 26. Nb3 f3 27. bxc6 Nxc6 28. d5 fxg2 29. Kxg2 Qd8 30. Bxc6 Rxc6 31. Nd4 Bxd4 32. dxc6 Qd6 33. Nd5 1-0

[Event "Pancevo"]
[Site "Pancevo"]
[Date "2003.06.27"]
[Round "8"]
[White "Todorovic, Goran M"]
[Black "Radulski, Julian"]
[Result "1-0"]
[WhiteElo "2459"]
[BlackElo "2493"]
[PlyCount "83"]
[EventDate "2003.06.20"]
[Source "ChessBase"]
[SourceDate "2003.07.09"]

1. e4 e5 2. Nf3 Nc6 3. Bc4 Nf6 4. Ng5 d5 5. exd5 Na5 6. Bb5+ Bd7 7. Qe2 Be7 8. Nc3 c6 9. dxc6 Nxc6 10. Nge4 O-O 11. Nxf6+ Bxf6 12. Bxc6 Bxc6 13. O-O b5 14. d3 b4 15. Nd1 Re8 16. f3 g6 17. Be3 a5 18. Qd2 Bg7 19. a3 b3 20. cxb3 Qb8 21. Rc1 Bd5 22. b4 axb4 23. axb4 Rd8 24. Bc5 e4 25. fxe4 Bxe4 26. Nf2 Bf5 27. d4 Be5 28. Qh6 Bf4 29. Qh4 g5 30. Qh6 g4 31. Nxg4 Bxh6 32. Nxh6+ Kg7 33. Nxf5+ Kg6 34. Rc3 h6 35. Ne7+ Kg7 36. Rg3+ Kh8 37. Rf6 Ra1+ 38. Kf2 Kh7 39. Rxf7+ Kh8 40. Ng6+ Kg8 41. Ne5+ Kh8 42. Rgg7 1-0

[Event "Clichy"]
[Site "Clichy"]
[Date "1995.??.??"]
[Round "?"]
[White "Marciano, David"]
[Black "Flear, Glenn C"]
[Result "1/2-1/2"]
[WhiteElo "2455"]
[BlackElo "2495"]
[PlyCount "69"]
[EventDate "1995.09.??"]
[Source "ChessBase"]

1. e4 e5 2. Nf3 Nc6 3. Bc4 Nf6 4. Ng5 d5 5. exd5 Na5 6. Bb5+ Bd7 7. Qe2 Be7 8. Nc3 O-O 9. O-O c6 10. dxc6 Nxc6 11. Bxc6 Bxc6 12. d3 Re8 13. Be3 Nd5 14. Qh5 Bxg5 15. Bxg5 Qb6 16. Nxd5 Bxd5 17. c4 Bc6 18. b3 Re6 19. Be3 Qd8 20. Rad1 Rg6 21. f3 Qe7 22. Qf5 Re8 23. Kh1 a6 24. Bc1 Qh4 25. Rde1 Rf6 26. Qg5 Qxg5 27. Bxg5 Rd6 28. Re3 f6 29. Bh4 Red8 30. Rd1 Be8 31. Kg1 Bg6 32. Be1 Rxd3 33. Rexd3 Rxd3 34. Rxd3 Bxd3 35. c5 1/2-1/2

[Event "Memorial Konig"]
[Site "San Francisco (USA)"]
[Date "2007.07.26"]
[Round "?"]
[White "Pruess David (USA)"]
[Black "Yermolinsky Alex (USA)"]
[Result "0-1"]
[WhiteElo "2424"]
[BlackElo "2517"]
[PlyCount "80"]
[EventDate "2007.??.??"]
[Source "www.chesslib.no"]
[SourceDate "2004.05.04"]

1. e4 e5 2. Nf3 Nc6 3. Bc4 Nf6 4. Ng5 d5 5. exd5 Na5 6. Bb5+ c6 7. dxc6 bxc6 8. Qf3 Qc7 9. Bd3 h6 10. Ne4 Nxe4 11. Bxe4 g6 12. g4 Bg7 13. b4 f5 14. gxf5 gxf5 15. Qh5+ Qf7 16. Qxf7+ Kxf7 17. Bf3 e4 18. Bh5+ Ke7 19. Nc3 Nc4 20. Rb1 Be6 21. b5 cxb5 22. Rxb5 Rab8 23. Rb3 Rhc8 24. Rg1 Be5 25. Rg6 Rxb3 26. axb3 Nxd2 27. Bxd2 Bxc3 28. Rxh6 a5 29. Bxc3 Rxc3 30. Kd2 Rh3 31. Rh7+ Kf6 32. Rh6+ Ke5 33. Rh7 Rxh2 34. Ke2 a4 35. bxa4 Bg8 36. Rh6 Bf7 37. Bxf7 Rxh6 38. c3 Rb6 39. Ke1 Rb1+ 40. Kd2 Rb2+ 0-1

[Event "Bundesliga 8485"]
[Site "Germany"]
[Date "1985.??.??"]
[Round "?"]
[White "Herbrechtsmeier, Christof"]
[Black "Nunn, John DM"]
[Result "1/2-1/2"]
[WhiteElo "2325"]
[BlackElo "2615"]
[PlyCount "58"]
[EventDate "1984.10.??"]
[Source "ChessBase"]
[SourceDate "1999.07.01"]

1. e4 e5 2. Nf3 Nc6 3. Bc4 Nf6 4. Ng5 d5 5. exd5 Na5 6. Bb5+ Bd7 7. Qe2 Be7 8. Nc3 O-O 9. O-O Bg4 10. Qxe5 Bd6 11. Qe3 a6 12. Be2 Re8 13. Qd3 Bxe2 14. Nxe2 Bxh2+ 15. Kxh2 Ng4+ 16. Kg1 Qxg5 17. Nc3 Qf4 18. Qg3 Qxg3 19. fxg3 Nc4 20. b3 Nb6 21. Ba3 Red8 22. Rf4 h5 23. d6 Rac8 24. Re1 cxd6 25. Re7 f6 26. Rxb7 Rc6 27. Ra7 Re8 28. Rf1 Nc8 29. Rd7 Kh7 1/2-1/2

[Event "60th ch-RUS Higher League"]
[Site "Krasnoyarsk RUS"]
[Date "2007.09.05"]
[Round "3"]
[White "Popov, Iv RUS"]
[Black "Petrukhin, D."]
[Result "1-0"]
[WhiteElo "2524"]
[BlackElo "2412"]
[PlyCount "105"]
[EventDate "2007.09.03"]
[Source "www.chesslib.no"]
[SourceDate "2004.05.04"]

1. e4 e5 2. Nf3 Nc6 3. Bc4 Nf6 4. Ng5 d5 5. exd5 Na5 6. Bb5+ c6 7. dxc6 bxc6 8. Qf3 Rb8 9. Bd3 Bd6 10. Bf5 h6 11. Bxc8 hxg5 12. Ba6 g4 13. Qe2 g3 14. fxg3 e4 15. Nc3 Bxg3+ 16. Kd1 Qd4 17. h3 O-O 18. Qe3 Qxe3 19. dxe3 Rfd8+ 20. Bd2 Rxb2 21. Rb1 Rb6 22. Rxb6 axb6 23. Be2 Nb7 24. Kc1 Nc5 25. h4 b5 26. Rh3 Be5 27. g4 Ra8 28. Kb1 Ra3 29. Nd1 Nd5 30. c4 bxc4 31. Bxc4 Nb6 32. Be2 Nd5 33. Nb2 Bc3 34. Bc1 Be5 35. Bd2 Bc3 36. Bc1 Bd4 37. Nd1 Nc3+ 38. Nxc3 Rxc3 39. exd4 Rxh3 40. dxc5 Rc3 41. Kb2 Rxc5 42. Be3 Ra5 43. Kb3 Kf8 44. a4 Ke7 45. Bc4 f6 46. Bb6 Ra8 47. a5 Rb8 48. Kc3 Kd6 49. a6 c5 50. a7 Ra8 51. Bb5 Kd5 52. h5 Rh8 53. Bc7 1-0

[Event "it B"]
[Site "Montreal"]
[Date "2004.08.11"]
[Round "7"]
[White "Barbeau, Sylvain"]
[Black "Arencibia, Walter"]
[Result "0-1"]
[WhiteElo "2404"]
[BlackElo "2531"]
[PlyCount "84"]
[EventDate "2004.08.04"]
[Source "Roberto Alvarez"]
[SourceDate "2004.08.24"]

1. e4 e5 2. Nf3 Nc6 3. Bc4 Nf6 4. Ng5 d5 5. exd5 Na5 6. Bb5+ Bd7 7. Qe2 Be7 8. Nc3 O-O 9. Bxd7 Qxd7 10. O-O Rfe8 11. Nf3 Bc5 12. a3 e4 13. b4 exf3 14. Qxf3 Bd6 15. bxa5 Ng4 16. g3 Ne5 17. Qg2 Qf5 18. f4 Bc5+ 19. Kh1 Nc4 20. d3 Qf6 21. dxc4 Qxc3 22. Bd2 Qxc4 23. Rfe1 Rad8 24. Rxe8+ Rxe8 25. Re1 Rxe1+ 26. Bxe1 Bxa3 27. h4 h5 28. Qf3 Bc5 29. Bc3 Qb5 30. Qd1 Qc4 31. Be5 Bb4 32. Kh2 Bxa5 33. c3 g6 34. d6 Qa2+ 35. Kh1 Qe6 36. dxc7 Qh3+ 37. Kg1 Qxg3+ 38. Kh1 Qh3+ 39. Kg1 Bb6+ 40. Bd4 Qg3+ 41. Kh1 Qxh4+ 42. Kg2 Bxc7 0-1

[Event "Arco Open 24th"]
[Site "?"]
[Date "2002.10.25"]
[Round "8"]
[White "Belotti Bruno"]
[Black "Dervishi Erald"]
[Result "1/2-1/2"]
[WhiteElo "2419"]
[BlackElo "2513"]
[PlyCount "63"]
[EventDate "2002.??.??"]
[Source "www.chesslib.no"]
[SourceDate "2004.05.04"]

1. e4 e5 2. Nf3 Nc6 3. Bc4 Nf6 4. Ng5 d5 5. exd5 Na5 6. Bb5+ c6 7. dxc6 bxc6 8. Qf3 Rb8 9. Bxc6+ Nxc6 10. Qxc6+ Nd7 11. d3 Be7 12. Ne4 Rb6 13. Qa4 O-O 14. Nbc3 f5 15. Nd5 fxe4 16. Nxb6 Nc5 17. Qc4+ Be6 18. Qc3 axb6 19. O-O exd3 20. cxd3 Nxd3 21. Be3 Qd6 22. Rad1 e4 23. f3 Bf6 24. Qd2 Bd5 25. fxe4 Bxe4 26. Qe2 Re8 27. Bf2 Qe6 28. Rxd3 Bxd3 29. Qxd3 Qxa2 30. b3 Qa7 31. Qd5+ Qf7 32. Qxf7+ 1/2-1/2

[Event "115th ch-NZL"]
[Site "Auckland NZL"]
[Date "2008.01.19"]
[Round "7"]
[White "Chandler, M."]
[Black "Van Riemsdijk, H."]
[Result "1-0"]
[WhiteElo "2540"]
[BlackElo "2391"]
[PlyCount "63"]
[EventDate "2008.01.15"]
[Source "www.chesslib.no"]
[SourceDate "2004.05.04"]

1. e4 e5 2. Nf3 Nc6 3. Bc4 Nf6 4. Ng5 d5 5. exd5 Na5 6. Bb5+ c6 7. dxc6 bxc6 8. Qf3 Bd7 9. Bd3 Be7 10. Bf5 O-O 11. d3 Be8 12. h4 g6 13. Bh3 c5 14. O-O c4 15. dxc4 Bc6 16. Qc3 Rb8 17. b3 Bc5 18. Be3 Bd4 19. Bxd4 exd4 20. Qd3 h6 21. Nf3 Be4 22. Qd1 Nh5 23. Nbd2 Ba8 24. g3 Qd6 25. Bg2 f5 26. Re1 Rfe8 27. Nf1 Nc6 28. Qd3 Qf6 29. Qd2 Kh7 30. Rxe8 Rxe8 31. Re1 Rd8 32. b4 1-0

[Event "Asti op"]
[Site "Asti"]
[Date "1996.??.??"]
[Round "?"]
[White "Pavasovic, Dusko"]
[Black "Flear, Glenn C"]
[Result "1/2-1/2"]
[WhiteElo "2495"]
[BlackElo "2435"]
[PlyCount "59"]
[EventDate "1996.10.??"]
[Source "www.chesslib.no"]
[SourceDate "2004.05.04"]

1. e4 e5 2. Nf3 Nc6 3. Bc4 Nf6 4. Ng5 d5 5. exd5 Na5 6. Bb5+ Bd7 7. Qe2 Be7 8. Nc3 O-O 9. Bxd7 Qxd7 10. O-O Rfe8 11. d3 Bb4 12. Bd2 Bxc3 13. Bxc3 Qxd5 14. Qd2 Nc6 15. f4 e4 16. dxe4 Qxd2 17. Bxd2 Nxe4 18. Nxe4 Rxe4 19. Rae1 Rxe1 20. Rxe1 f5 21. Bc3 Kf7 22. b4 a6 23. a4 Rd8 24. Kf2 g6 25. b5 axb5 26. axb5 Nd4 27. Rd1 Ne6 28. Rxd8 Nxd8 29. Be5 c6 30. bxc6 1/2-1/2

[Event "Athens Kallidromio k.o."]
[Site "Athens GRE"]
[Date "1996.??.??"]
[Round "2"]
[White "Vouldis, Angelos"]
[Black "Skembris, Spyridon"]
[Result "1/2-1/2"]
[WhiteElo "2425"]
[BlackElo "2505"]
[PlyCount "130"]
[EventDate "1996.??.??"]
[Source "www.chesslib.no"]
[SourceDate "2004.05.04"]

1. e4 e5 2. Nf3 Nc6 3. Bc4 Nf6 4. Ng5 d5 5. exd5 Na5 6. Bb5+ Bd7 7. Qe2 Be7 8. b4 Bxb4 9. Qxe5+ Kf8 10. Be2 Qe7 11. Qxe7+ Bxe7 12. Nc3 Bf5 13. d3 Rd8 14. Bd2 b6 15. Bf3 h6 16. Nh3 g5 17. Be4 Bxe4 18. dxe4 Nc4 19. O-O-O Kg7 20. f3 c6 21. Rhe1 Rhe8 22. Nb1 Nxd2 23. Rxd2 cxd5 24. e5 Nh7 25. Red1 Bc5 26. Rxd5 Rc8 27. Kb2 Nf8 28. Nc3 Ng6 29. Nb5 Nxe5 30. Kb3 a6 31. Nc3 Nc6 32. Rd7 b5 33. Ne4 Na5+ 34. Kb2 Nc4+ 35. Kb1 Re7 36. Nxc5 Re2 37. Nb3 Na3+ 38. Kb2 Nc4+ 39. Kc1 Rxg2 40. Rd8 Rxd8 41. Rxd8 Rxh2 42. Ng1 Rg2 43. Rd1 Ne3 44. Re1 Nxc2 45. Re2 Rxg1+ 46. Kxc2 h5 47. Nc5 h4 48. Rh2 Rf1 49. Ne4 f6 50. Nd2 Rg1 51. Kc3 Kg6 52. Kd3 f5 53. Ke3 Ra1 54. Nb3 Re1+ 55. Kf2 Rb1 56. Ke3 Kh5 57. Nd4 Kg6 58. Rc2 h3 59. Rc6+ Kf7 60. Nxf5 h2 61. Ng3 Rg1 62. Rh6 Rxg3 63. Rxh2 g4 64. Rh4 Rxf3+ 65. Kd2 Ra3 1/2-1/2

[Event "Athens"]
[Site "?"]
[Date "2006.08.18"]
[Round "6"]
[White "Vouldis Angelos"]
[Black "Sriram Jha"]
[Result "0-1"]
[WhiteElo "2521"]
[BlackElo "2408"]
[PlyCount "70"]
[EventDate "2006.??.??"]
[Source "www.chesslib.no"]
[SourceDate "2004.05.04"]

1. e4 e5 2. Nf3 Nc6 3. Bc4 Nf6 4. Ng5 d5 5. exd5 Na5 6. Bb5+ c6 7. dxc6 bxc6 8. Qf3 Be7 9. Bxc6+ Nxc6 10. Qxc6+ Bd7 11. Qc4 O-O 12. Nc3 Rc8 13. Qe2 h6 14. Nge4 Nxe4 15. Qxe4 Bc6 16. Qf5 Bxg2 17. Rg1 Bb7 18. d3 Qb6 19. Bd2 Rb8 20. b3 Ba3 21. Ke2 Rfe8 22. Rg3 Bf8 23. Rag1 Re6 24. Ne4 Rc8 25. Rf3 Rc7 26. c4 Bxe4 27. Qxe4 Qa6 28. a4 Qb6 29. Rb1 Rd7 30. a5 Qb8 31. Qf5 Bb4 32. Be3 Qd6 33. c5 Bxc5 34. Rc1 e4 35. Rxc5 Qxd3+ 0-1

[Event "FSGM June"]
[Site "Budapest"]
[Date "2003.06.11"]
[Round "5"]
[White "Todorovic, Goran M"]
[Black "Kallio, Heikki"]
[Result "0-1"]
[WhiteElo "2459"]
[BlackElo "2470"]
[PlyCount "122"]
[EventDate "2003.06.03"]
[Source "Roberto Alvarez"]
[SourceDate "2003.06.23"]

1. e4 e5 2. Nf3 Nc6 3. Bc4 Nf6 4. Ng5 d5 5. exd5 Na5 6. Bb5+ Bd7 7. Qe2 Be7 8. Nc3 O-O 9. Nge4 c6 10. dxc6 Nxc6 11. Bxc6 Bxc6 12. Nxf6+ Bxf6 13. O-O Re8 14. d3 Re6 15. f3 Be7 16. Kh1 Bd6 17. Qf2 Rg6 18. Be3 f5 19. Rae1 Bc7 20. Re2 h5 21. Qe1 h4 22. h3 b5 23. Bg1 Qg5 24. Bh2 Re8 25. Qd2 Qh5 26. a3 a5 27. Nd1 Rge6 28. d4 Rd8 29. c3 Qf7 30. Qg5 Bd5 31. Ne3 Bb3 32. Bxe5 Rde8 33. Nxf5 Rg6 34. Qf4 Bc4 35. Rfe1 Bxe2 36. Rxe2 Rf6 37. Qxh4 Bxe5 38. g4 Bf4 39. Re4 Rxe4 40. fxe4 g6 41. e5 Re6 42. Nd6 Rxd6 43. exd6 g5 44. Qe1 Bxd6 45. Qe2 Kg7 46. Qxb5 Qf3+ 47. Kg1 Qg3+ 48. Kf1 Qxh3+ 49. Ke1 Qxg4 50. Qd5 Qf4 51. c4 Qc1+ 52. Kf2 Qxb2+ 53. Kf3 Qxa3+ 54. Ke4 Qg3 55. Kf5 Qf4+ 56. Ke6 g4 57. c5 Bf8 58. c6 Qf7+ 59. Ke5 Qf6+ 60. Ke4 Bd6 61. Ke3 Qf3+ 0-1

[Event "Memorial Tadeusz Gniota (open)"]
[Site "Police (Poland)"]
[Date "2007.07.12"]
[Round "2"]
[White "Owczarzak Jerzy (POL)"]
[Black "Malaniuk Vladimir P (UKR)"]
[Result "0-1"]
[WhiteElo "2389"]
[BlackElo "2522"]
[PlyCount "52"]
[EventDate "2007.??.??"]
[Source "www.chesslib.no"]
[SourceDate "2004.05.04"]

1. e4 e5 2. Nf3 Nc6 3. Bc4 Nf6 4. Ng5 d5 5. exd5 Na5 6. Bb5+ c6 7. dxc6 bxc6 8. Qf3 Rb8 9. Bd3 Bd6 10. Bf5 h6 11. Bxc8 hxg5 12. Bf5 g6 13. Be4 g4 14. Qe2 Nxe4 15. Qxe4 f5 16. Qe2 Rb7 17. d4 Kf7 18. dxe5 Bxe5 19. c3 Re7 20. Be3 f4 21. Nd2 fxe3 22. fxe3 Kg7 23. O-O-O Qb6 24. Kc2 Rb8 25. Rb1 Qc5 26. Qxg4 Rxb2+ 0-1

[Event "It (Open) Baku AZE"]
[Site "?"]
[Date "2005.10.30"]
[Round "9"]
[White "Shanava Konstantine"]
[Black "Gaprindashvili Valerian"]
[Result "0-1"]
[WhiteElo "2477"]
[BlackElo "2433"]
[PlyCount "70"]
[EventDate "2005.??.??"]
[Source "www.chesslib.no"]
[SourceDate "2004.05.04"]

1. e4 e5 2. Nf3 Nc6 3. Bc4 Nf6 4. Ng5 d5 5. exd5 Na5 6. Bb5+ c6 7. dxc6 bxc6 8. Qf3 h6 9. Ne4 Nd5 10. Ba4 Be7 11. O-O O-O 12. d3 f5 13. Nec3 Be6 14. Re1 Bf6 15. Bb3 Nxb3 16. axb3 Nb4 17. Na3 Re8 18. Be3 Qc7 19. Bc5 a5 20. Qe2 Nd5 21. Rad1 e4 22. dxe4 Bxc3 23. exd5 Bxe1 24. dxe6 Bb4 25. Bd4 Qd6 26. Nc4 Rxe6 27. Be5 Qe7 28. f4 Rd8 29. h3 Qc5+ 30. Kh2 Rxd1 31. Qxd1 Qf2 32. Qh5 Kh7 33. Qf3 Qxc2 34. h4 Qe4 35. Qxe4 fxe4 0-1

[Event "Open"]
[Site "Mosca RUS"]
[Date "2007.01.30"]
[Round "4"]
[White "Gorbatov, A."]
[Black "Yandemirov, V."]
[Result "0-1"]
[WhiteElo "2385"]
[BlackElo "2523"]
[PlyCount "58"]
[EventDate "2007.01.27"]
[Source "www.chesslib.no"]
[SourceDate "2004.05.04"]

1. e4 e5 2. Nf3 Nc6 3. Bc4 Nf6 4. Ng5 d5 5. exd5 Na5 6. Bb5+ Bd7 7. Qe2 Be7 8. Nc3 Bxb5 9. Qxb5+ c6 10. dxc6 Nxc6 11. Qxb7 Nd4 12. Kd1 Rb8 13. Qa6 O-O 14. Qd3 Qc8 15. Qh3 Qc6 16. Re1 Bb4 17. Rxe5 Bxc3 18. bxc3 Nxc2 19. Kxc2 Qa4+ 20. Kd3 h6 21. Ne4 Rbd8+ 22. Ke3 Rfe8 23. Nxf6+ gxf6 24. d4 fxe5 25. Qxh6 exd4+ 26. Kf3 Qd1+ 27. Kf4 Rd5 28. Qc6 Rde5 29. Kg3 R5e6 0-1

[Event "Festival - Open A"]
[Site "Porto San Giorgio ITA"]
[Date "2007.08.28"]
[Round "8"]
[White "Jones, Gawain"]
[Black "Estremera Panos, Sergio"]
[Result "1/2-1/2"]
[WhiteElo "2526"]
[BlackElo "2375"]
[PlyCount "68"]
[EventDate "2007.08.21"]
[Source "www.chesslib.no"]
[SourceDate "2004.05.04"]

1. e4 e5 2. Nf3 Nc6 3. Bc4 Nf6 4. Ng5 d5 5. exd5 Na5 6. Bb5+ c6 7. dxc6 bxc6 8. Qf3 Rb8 9. Bd3 Bd6 10. h3 O-O 11. Nc3 h6 12. Nge4 Nxe4 13. Nxe4 f5 14. Nxd6 Qxd6 15. Be2 c5 16. b3 Nc6 17. Bc4+ Kh8 18. Ba3 Nd4 19. Qc3 Bb7 20. Rg1 Rbc8 21. f3 e4 22. O-O-O exf3 23. gxf3 Bxf3 24. Rde1 Be4 25. Bb2 Rc7 26. b4 Rd8 27. bxc5 Qxc5 28. d3 Ne2+ 29. Rxe2 Qxg1+ 30. Re1 Qg5+ 31. Kb1 Rdc8 32. Qd4 Rd8 33. Qc3 Rdc8 34. Qe5 Rd8 1/2-1/2

[Event "42nd Capablanca Memorial - Open"]
[Site "L'Avana CUB"]
[Date "2007.05.27"]
[Round "9"]
[White "Baron Rodriguez, Je"]
[Black "Fernandez Garcia, JoseL"]
[Result "1/2-1/2"]
[WhiteElo "2431"]
[BlackElo "2467"]
[PlyCount "131"]
[EventDate "2007.05.18"]
[Source "www.chesslib.no"]
[SourceDate "2004.05.04"]

1. e4 e5 2. Nf3 Nc6 3. Bc4 Nf6 4. Ng5 d5 5. exd5 Na5 6. Bb5+ Bd7 7. Qe2 Be7 8. Nc3 O-O 9. Bxd7 Qxd7 10. O-O Rae8 11. Nf3 e4 12. Nxe4 Qxd5 13. d3 Nxe4 14. dxe4 Bb4 15. a3 Bd6 16. Re1 Qh5 17. Bd2 Nc6 18. Bc3 Re6 19. h3 Rfe8 20. Nd2 Qxe2 21. Rxe2 f5 22. Rae1 Bf4 23. Kf1 Bxd2 24. Rxd2 Rxe4 25. Rxe4 Rxe4 26. Rd7 Re7 27. Rxe7 Nxe7 28. Be5 c6 29. Bb8 Nc8 30. Ke2 Kf7 31. Kd3 Ke6 32. Kd4 b6 33. a4 h5 34. h4 a5 35. c3 Ne7 36. b4 Nd5 37. bxa5 bxa5 38. Ba7 Kd6 39. c4 Nf6 40. Bb6 Nd7 41. c5+ Ke6 42. Bc7 Kf6 43. f3 g6 44. Kc4 Ke6 45. Kd4 Kf6 46. Bd6 Kf7 47. Bf4 Ke6 48. Bc7 Kf6 49. Bxa5 Nb8 50. Bc3 Na6 51. Ke3+ Ke6 52. Kd4 Kf6 53. a5 Ke6 54. Bd2 Nc7 55. Bf4 Na6 56. Bd6 Kf6 57. Kc4 Ke6 58. Kd4 Kf6 59. Bf4 Ke6 60. Bg5 Nb4 61. Bd8 Na6 62. Bb6 Kf6 63. Bd8+ Ke6 64. Bg5 Nc7 65. Be3 Na6 66. Bf4 1/2-1/2